| 000 | 01528nam a2200385 a 4500 | ||
|---|---|---|---|
| 001 | ebr10522383 | ||
| 003 | CaPaEBR | ||
| 006 | m u | ||
| 007 | cr cn||||||||| | ||
| 008 | 040218s2004 coua sbf 001 0 eng d | ||
| 010 | _z 2004043748 | ||
| 020 | _z1583212744 | ||
| 020 | _z9781583212745 | ||
| 020 | _z9781613000014 (e-book) | ||
| 040 |
_aCaPaEBR _cCaPaEBR |
||
| 035 | _a(OCoLC)606461394 | ||
| 050 | 1 | 4 |
_aTD491 _b.S74 2004eb |
| 082 | 0 | 4 |
_a628.1 s _a628.1/5 _222 |
| 245 | 0 | 0 |
_aSteel pipe _h[electronic resource] : _ba guide for design and installation. |
| 246 | 1 | 4 |
_aSteel water pipe : _ba guide for design and installation |
| 250 | _a4th ed. | ||
| 260 |
_aDenver, Colo. : _bAmerican Water Works Association, _cc2004. |
||
| 300 |
_axvi, 241 p. : _bill. |
||
| 490 | 1 |
_aAWWA manual ; _vM11 |
|
| 500 | _a"Science and technology." | ||
| 504 | _aIncludes bibliographical references and index. | ||
| 533 |
_aElectronic reproduction. _bPalo Alto, Calif. : _cebrary, _d2013. _nAvailable via World Wide Web. _nAccess may be limited to ebrary affiliated libraries. |
||
| 650 | 0 |
_aWater-pipes _xDesign and construction _vHandbooks, manuals, etc. |
|
| 650 | 0 |
_aPipe, Steel _xDesign and construction _vHandbooks, manuals, etc. |
|
| 655 | 7 |
_aElectronic books. _2local |
|
| 710 | 2 | _aAmerican Water Works Association. | |
| 710 | 2 | _aebrary, Inc. | |
| 830 | 0 |
_aAWWA manual ; _vM11. |
|
| 856 | 4 | 0 |
_uhttp://site.ebrary.com/lib/rucke/Doc?id=10522383 _zAn electronic book accessible through the World Wide Web; click to view |
| 999 |
_c141881 _d141881 |
||